Změna významu ICT pro strategii firmy

Prepojenie informačných a komunikačných technológií (ICT) s modelom podnikania, s podnikovými procesmi a podnikovou kultúrou. Praktický príklad strategického významu ICT na spoločnosti Czech Courier. Rast nárokov všetkých stupňov riadenia na včasnosť a kvalitu informácií. ICT ako faktor umožňujúci z...

Ausführliche Beschreibung

Gespeichert in:
Bibliographische Detailangaben
1. Verfasser: Voříšek, Jiří
Format: Buchkapitel
Sprache:Tschechisch
Schlagworte:
Tags: Tag hinzufügen
Keine Tags, Fügen Sie das erste Tag hinzu!

MARC

LEADER 00000naa$a2200000$$$4500
001 0038171
005 20231106123252.3
041 0 |a cze 
044 |a CZ 
245 1 0 |a Změna významu ICT pro strategii firmy  |c Jiří Voříšek 
520 |a Prepojenie informačných a komunikačných technológií (ICT) s modelom podnikania, s podnikovými procesmi a podnikovou kultúrou. Praktický príklad strategického významu ICT na spoločnosti Czech Courier. Rast nárokov všetkých stupňov riadenia na včasnosť a kvalitu informácií. ICT ako faktor umožňujúci zvyšovať rýchlosť reakcie na významné udalosti. 
610 2 0 |a technológie informačné 
610 2 0 |a technológie komunikačné 
610 2 0 |a riadenie podnikové 
610 2 0 |a procesy podnikové 
610 2 0 |a kultúra podniková 
610 2 0 |a stratégia podniková 
610 2 0 |a komunikácia 
610 2 0 |a informácie 
610 2 0 |a kvalita 
100 1 |a Voříšek, Jiří